Como se elabora el proyecto de investigación : (Registro nro. 4827)
[ vista simple ]
| 000 -CABECERA | |
|---|---|
| campo de control de longitud fija | 00832nam a22001937a 4500 |
| 003 - IDENTIFICADOR DEL NÚMERO DE CONTROL | |
| campo de control | DO-SdBJH |
| 005 - FECHA Y HORA DE LA ÚLTIMA TRANSACCIÓN | |
| campo de control | 20180912144241.0 |
| 008 - DATOS DE LONGITUD FIJA--INFORMACIÓN GENERAL | |
| campo de control de longitud fija | 180912b ||||| |||| 00| 0 spa d |
| 020 ## - NÚMERO INTERNACIONAL ESTÁNDAR DEL LIBRO | |
| Número Internacional Estándar del Libro | 980-6293-03-7 |
| 040 ## - FUENTE DE LA CATALOGACIÓN | |
| Centro catalogador/agencia de origen | DO-SdBJH |
| Lengua de catalogación | spa |
| Centro/agencia transcriptor | DO-SdBJH |
| 082 ## - NÚMERO DE LA CLASIFICACIÓN DECIMAL DEWEY | |
| Número de edición | 6a. edición |
| Número de clasificación | 501 |
| Número de documento/Ítem | B184c 2002 |
| 100 ## - ENTRADA PRINCIPAL--NOMBRE DE PERSONA | |
| Autor Personal | Balestrini Acuña, Mirian |
| 245 ## - MENCIÓN DE TÍTULO | |
| Título | Como se elabora el proyecto de investigación : |
| Resto del título | para los estudios formulativos o exploratorios, descriptivos, diagnósticos, evaluativos, formulación de hipótesis causales, experimentales y los proyectos factibles / |
| Mención de responsabilidad, etc. | Mirian Balestrini Acuña |
| 260 ## - PUBLICACIÓN, DISTRIBUCIÓN, ETC. | |
| Lugar de publicación, distribución, etc. | Caracas República Bolivariana de Venezuela : |
| Nombre del editor, distribuidor, etc. | Consultores Asociados, BL , |
| Fecha de publicación, distribución, etc. | 2002 |
| 300 ## - DESCRIPCIÓN FÍSICA | |
| Extensión | xxv, 248 páginas |
| 650 ## - PUNTO DE ACCESO ADICIONAL DE MATERIA--TÉRMINO DE MATERIA | |
| Término de materia o nombre geográfico como elemento de entrada | 1- Ciencia Metodología |
| 650 ## - PUNTO DE ACCESO ADICIONAL DE MATERIA--TÉRMINO DE MATERIA | |
| Término de materia o nombre geográfico como elemento de entrada | 2- disertación académica |
| 942 ## - ELEMENTOS DE PUNTO DE ACCESO ADICIONAL (KOHA) | |
| Fuente del sistema de clasificación o colocación | Dewey Decimal Classification |
| Tipo de ítem Koha | Libros |
| Estado de retiro | Estado de pérdida | Fuente del sistema de clasificación o colocación | Estado dañado | No para préstamo | Código de colección | Localización permanente | Ubicación/localización actual | Ubicación en estantería | Fecha de adquisición | Número de inventario | Total de préstamos | Signatura topográfica completa | Código de barras | Fecha visto por última vez | Número de copia | Precio válido a partir de | Tipo de ítem Koha |
|---|---|---|---|---|---|---|---|---|---|---|---|---|---|---|---|---|---|
| Dewey Decimal Classification | Colección General | SIBM UNADE - Biblioteca Escuela de Graduados de Estudios Militares, ERD | SIBM UNADE - Biblioteca Escuela de Graduados de Estudios Militares, ERD | En estantería | 09/12/2018 | 18-EERD-01565 | 501 B184c 2002 | 18-EERD-01565 | 09/12/2018 | Ej.1 | 09/12/2018 | Libros |
